000 00622nam a2200229Ia 4500
003 OSt
005 20221007081143.0
006 a|||||r|||| 00| 0
007 ta
008 221006b |||||||| |||| 00| 0 eng d
024 _a26,772
037 _cTextual
040 _aFLL
_cFLL
_beng
041 _2eng
_aeng
082 _aZ1y7, K9
100 _aStephen Robert M.
_9696549
245 0 _aDeveloping an understanding of world problems
260 _aNew York
_bOceana Publications, Inc. New
_c1969
300 _a154p
_ccm.
942 _hZ1y7, K9
_cTEXL
_2CC
999 _c1162208
_d1162208